000
00313 a2200121 4500
001
121979
020
_a
9782090327694
040
_c
Escola Canadense de Niteroi
090
_a
MUSIC
100
_a
Colette Samson
245
1
0
_a
Amis 1 et compagnie - Méthode de Français - A1 - 1 CD audio individuel
942
_c
MATP
999
_c
121979
_d
121979